000 00568nam a22001817a 4500
005 20251202162329.0
008 251202b |||||||| |||| 00| 0 eng d
020 _a9781292351216
050 _aQA184
_b.L397
100 _aLay, David C.
245 _aLinear Algebra and its Applications
_cDavid C. Lay, Steven R. Lay & Judi J. McDonald
250 _a6th ed.
_bglobal edition
260 _aUnited Kingdom
_bPearson
_c2022
300 _avarious paging
_bill. some color
_c25.5cm
700 _aLay, Steven R.
700 _aMcDonald, Judi J.
942 _2lcc
_cBK
_e6th ed.
_n0
999 _c8496
_d8496